000
00328nam a2200145Ia 4500
008
240624s9999 xx 000 0 und d
041
_a
eng
082
_a
338.5442 FIL
100
_a
FILDES ROBERT
245
_a
FORECASTING
260
_c
2011
_a
London
_b
Sage
300
_a
xl, 387 p.; 23 cm.
365
_c
BPS
_b
38
440
_v
2
999
_c
29263
_d
29263